000 00897cam a2200289 a 4500
001 58050
003 CO-BoRNBP
005 20250814215125.0
007 ta
008 081030s2001 sp a jr 000 j spa
020 _a8426130860
040 _aCO-BoBN
_bspa
_cCO-BoBN
082 0 4 _a833.92
_221
100 1 _aGlitz, Angelika
_962326
245 1 3 _aEl secreto de Mili /
_cAngelika Glitz, Annette Swoboda ; [traducción de Christiane Reyes]
250 _a2a. ed.
300 _a[22] p. :
_bprincipalmente il. ;
_c27 cm
336 _2rdacontent
_atexto
_btxt
337 _2rdamedia
_asin mediación
_bn
338 _2rdacarrier
_avolumen
_bnc
650 1 4 _aCuentos infantiles alemanes
_2LEMB
650 1 4 _aLiteratura infantil alemana
_2LEMB
700 1 _aSwoboda, Annette
700 1 _aReyes, Christiane,
_etradcutor
942 _2ddc
_cBK
999 _c58050
_d58050